[Event "Pyramiden Franken Cup"]
[Site "Fuerth"]
[Date "1999.08.27"]
[Round "7"]
[White "Gofshtein, Leonid D"]
[Black "Kogan, Artur"]
[Result "1/2-1/2"]
[WhiteElo "2507"]
[BlackElo "2518"]

1.d4 Nf6 2.Nf3 c6 3.c4 d5 4.Nc3 a6 5.e3 g6 6.Bd3 Bg7 7.O-O O-O 8.Bd2 dxc4
9.Bxc4 b5 10.Be2 Bf5 11.Nh4 Bc8 12.Qc2 Nbd7 13.Rad1 e5 14.Bf3 Bb7 15.g3  1/2-1/2

[Event "CRO-chT"]
[Site "Pula"]
[Date "1999.09.11"]
[Round "3"]
[White "Franic, Milan"]
[Black "Muse, Drazen"]
[Result "1/2-1/2"]
[WhiteElo "2422"]
[BlackElo "2372"]

1.d4 d5 2.c4 c6 3.Nf3 Nf6 4.Nc3 a6 5.c5 Bg4 6.Qb3 Ra7 7.Ne5 Nbd7 8.h3 Be6
9.Bf4 Nxe5 10.Bxe5 Nd7 11.Bh2 Bf5 12.e3 e5 13.Be2 Be7 14.O-O O-O 15.Na4 exd4
16.exd4 Bf6 17.Qc3 Re8 18.Bf3 Ra8 19.Rfe1 Be6 20.Rad1 Qc8 21.Re2 Bd8 22.Rde1 Bc7
23.b3 Bxh2+ 24.Kxh2 Qc7+ 25.g3 Nf6 26.Re5 Re7 27.R1e2 Rae8 28.Qe1 Kf8 29.b4 h6
30.Nb2 Qd7 31.g4 Nh7 32.Nd3 Ng5 33.Bg2 f6 34.R5e3 g6 35.Kg1 Bf7 36.Nf4 Qc7
37.Rxe7 Rxe7 38.Rxe7 Qxe7 39.Qe3 Qxe3 40.fxe3 Ne4 41.Bxe4 dxe4 42.a3 Ke7
43.Kf2 g5  1/2-1/2

[Event "CRO-chT"]
[Site "Pula"]
[Date "1999.09.16"]
[Round "7"]
[White "Sulava, Nenad"]
[Black "Jukic, Branimir"]
[Result "1-0"]
[WhiteElo "2467"]
[BlackElo "2374"]

1.Nf3 d5 2.d4 Nf6 3.c4 c6 4.Nc3 a6 5.Bg5 Ne4 6.Bf4 b5 7.cxd5 Nxc3 8.bxc3 cxd5
9.a4 bxa4 10.Ne5 e6 11.Qxa4+ Bd7 12.Nxd7 Qxd7 13.e3 Qxa4 14.Rxa4 Kd7 15.Bb5+ Nc6
16.Kd2 Bd6 17.Bxc6+ Kxc6 18.Bxd6 Kxd6 19.Rha1 Rab8 20.Rxa6+ Ke7 21.Ra7+ Kf6
22.Kc2 Rhc8 23.Rd7 Ra8 24.Raa7 Rxa7 25.Rxa7 h5 26.f3 g5 27.e4 g4 28.exd5 gxf3
29.gxf3 exd5 30.Ra6+ Kf5 31.Rd6 Kf4 32.Rxd5 f5 33.Kd3 Rf8 34.c4 Kxf3 35.c5 h4
36.c6 f4 37.c7 Rc8 38.Rc5 Kg2 39.Rc2+  1-0

[Event "CRO-chT"]
[Site "Pula"]
[Date "1999.09.18"]
[Round "9"]
[White "Franic, Milan"]
[Black "Jukic, Branimir"]
[Result "1/2-1/2"]
[WhiteElo "2422"]
[BlackElo "2374"]

1.d4 d5 2.c4 c6 3.Nf3 Nf6 4.Nc3 a6 5.c5 Nbd7 6.h3 g6 7.Bf4 Bg7 8.e3 O-O 9.Bd3 b6
10.b4 a5 11.a3 Re8 12.Bh2 Nh5 13.g4  1/2-1/2

[Event "Alushta2"]
[Site "Alushta"]
[Date "1999.09.21"]
[Round "4"]
[White "Ovsejevitsch, Sergei"]
[Black "Belikov, Vladimir"]
[Result "1-0"]
[WhiteElo "2515"]
[BlackElo "2485"]

1.d4 d5 2.c4 c6 3.Nf3 Nf6 4.Nc3 a6 5.Bg5 Ne4 6.Bf4 Qa5 7.Qb3 Nxc3 8.bxc3 dxc4
9.Qxc4 Be6 10.Qd3 Nd7 11.e4 O-O-O 12.Nd2 f5 13.e5 Nc5 14.Qe3 Na4 15.Rc1 h6
16.h4 g5 17.hxg5 hxg5 18.Rxh8 gxf4 19.Qh3 Kb8 20.Rxf8 Rxf8 21.Qh6 Rd8 22.Qxe6 Nxc3
23.Nb3 Qa3 24.Rxc3 Rxd4 25.Qxf5 Qb4 26.Qc2 Re4+ 27.Be2 f3 28.gxf3 Rxe5 29.Nd2 Qh4
30.Ne4 Qh1+ 31.Bf1 Qh6 32.Qd2 Qh8 33.Rd3 Ka8  1-0

[Event "Manhattan CC-ch"]
[Site "New York"]
[Date "1999.09.25"]
[Round "2"]
[White "Schwartz, Ylan"]
[Black "Mohamed, Esam Ahmed Nagib"]
[Result "0-1"]
[WhiteElo "2281"]
[BlackElo "2455"]

1.d4 Nf6 2.c4 c6 3.Nc3 d5 4.Nf3 a6 5.cxd5 cxd5 6.Bf4 Nc6 7.e3 Bg4 8.Qb3 Bxf3
9.gxf3 Ra7 10.Be5 e6 11.Rg1 Nxe5 12.dxe5 Nd7 13.Qa4 Ra8 14.f4 b5 15.Qd1 Qa5
16.Bh3 g6 17.Kf1 b4 18.Qa4 Qxa4 19.Nxa4 Rc8 20.Ke2 Bg7 21.Rac1 Ke7 22.Rgd1 h6
23.e4 Rxc1 24.Rxc1 dxe4 25.Rc7 Kd8 26.Ra7 g5 27.Ke3 gxf4+ 28.Kxe4 Bxe5 29.Nc5 f5+
30.Bxf5 exf5+ 31.Kxf5 Rf8+ 32.Ke4 Nxc5+ 33.Kxe5 Nd7+ 34.Kd4  0-1

[Event "Popel mem 2nd"]
[Site "Lvov"]
[Date "1999.09.27"]
[Round "5"]
[White "Sulipa, Aleksandar"]
[Black "Buturin, Vladimir"]
[Result "1/2-1/2"]
[WhiteElo "2434"]
[BlackElo "2388"]

1.d4 d5 2.c4 c6 3.Nf3 Nf6 4.Nc3 a6 5.c5 Bf5 6.Qb3 Qc8 7.Bf4 Nbd7 8.h3 e6
9.Nh4 Bg6 10.Nxg6 hxg6 11.e3 e5 12.Bh2 Be7 13.Bd3 O-O 14.O-O Re8 15.dxe5 Nxc5
16.Qc2 Nxd3 17.exf6 Nb4 18.Qb3 gxf6 19.a3 Nd3 20.Nxd5 cxd5 21.Qxd3 Qe6 22.Rfd1 Rad8
23.Rac1  1/2-1/2

[Event "Chigorin mem"]
[Site "St Petersburg"]
[Date "1999.11.04"]
[Round "3"]
[White "Sherbakov, Ruslan"]
[Black "Pesiakov, Valentin"]
[Result "1-0"]
[WhiteElo "2541"]
[BlackElo "2348"]

1.d4 d5 2.c4 c6 3.Nf3 Nf6 4.Nc3 a6 5.Bg5 Ne4 6.Bf4 Nxc3 7.bxc3 dxc4 8.g3 b5
9.Bg2 Bb7 10.Ne5 f6 11.Nxc4 bxc4 12.Rb1 e5 13.Rxb7 exf4 14.Qb1 Be7 15.Qf5 g6
16.Qe6 Qd6 17.Qxc4 Kf8 18.O-O Kg7 19.gxf4 Rc8 20.e4 Rc7 21.e5 Qd7 22.Rb2 Qg4
23.Re1 Nd7 24.e6 Nf8 25.d5 Bd6 26.dxc6 Re8 27.Rd2 Qxf4 28.Rd4 Qxh2+ 29.Kf1 Be5
30.Rh4 Qxh4 31.Qxh4 Nxe6 32.Qc4 a5 33.Rb1 Nf4 34.Bf3 Rd8 35.Rd1 Rxd1+ 36.Bxd1 h5
37.Bf3 g5 38.Qc5 a4 39.Qa5 g4 40.Be4 h4 41.Qxa4 Bxc3 42.Qd1 Be5 43.Qxg4+ Kf8
44.Qxh4 Ke7 45.Qh8 Ne6 46.Qa8 Bd4 47.Qa3+ Bc5 48.Qc3 Bd6 49.Bd5 Nf4 50.Qe3+ Be5
51.Be4 Rc8 52.Qa7+ Rc7 53.Qc5+ Bd6 54.Qe3 Be5 55.a4 Rc8 56.Qa7+ Rc7 57.Qc5+ Ke6
58.a5 Bd6 59.Qf5+ Ke7 60.a6  1-0

[Event "SLO-chT"]
[Site "Bled"]
[Date "1999.11.10"]
[Round "3"]
[White "Soln, Primoz"]
[Black "Crepan, Marjan"]
[Result "1-0"]
[WhiteElo "2411"]
[BlackElo "2289"]

1.d4 d5 2.c4 c6 3.Nc3 Nf6 4.Nf3 a6 5.c5 b6 6.cxb6 Qxb6 7.Na4 Qc7 8.g3 Ne4
9.Bg2 Nd7 10.O-O e6 11.Bf4 Qa7 12.Nd2 f5 13.Nxe4 fxe4 14.Rc1 Bb7 15.Bh3 Kf7
16.f3 Nf6 17.fxe4 dxe4 18.Be5 Rd8 19.e3 h5 20.Qb3 Rd5 21.Nc3 Rh6 22.Nxe4 Rg6
23.Nc3 c5 24.Nxd5 Bxd5 25.Qb8 Qxb8 26.Bxb8 cxd4 27.exd4 Bxa2 28.Rc7+ Kg8
29.Rc8 Kf7 30.Ra1 Bd5 31.Rxa6 Be7 32.Ra7 Ne8 33.Bf1 h4 34.Bb5 Nf6 35.Bd6 Rg5
36.Rxe7+ Kg6 37.Bd3+ Kh5 38.Bf4 hxg3 39.Bxg5 gxh2+ 40.Kxh2  1-0

[Event "SLO-chT"]
[Site "Bled"]
[Date "1999.11.12"]
[Round "5"]
[White "Atalik, Suat"]
[Black "Chernin, Alexander"]
[Result "1/2-1/2"]
[WhiteElo "2598"]
[BlackElo "2619"]

1.d4 d5 2.c4 c6 3.Nf3 Nf6 4.Nc3 a6 5.Ne5 Nbd7 6.Bf4 dxc4 7.Nxc4 b5 8.Ne5 Bb7
9.e3 e6 10.Be2 c5 11.O-O Nxe5 12.Bxe5 cxd4 13.Bxd4 Be7 14.Bf3 Qb8 15.Bxb7 Qxb7
16.f4 O-O 17.Qf3 Qxf3 18.gxf3 Rac8 19.Rac1 Rc4 20.b3 Rcc8 21.Ne4 Nxe4 22.fxe4 Rfd8
23.Rxc8 Rxc8 24.e5 Kf8 25.Kg2 Rc2+  1/2-1/2

[Event "World Seniors"]
[Site "Gladenbach GER"]
[Date "1999.11.16"]
[Round "8"]
[White "Zoltek,T"]
[Black "Reichenbach,W"]
[Result "1/2-1/2"]
[WhiteElo "2283"]
[BlackElo "2297"]

1.Nf3 d5 2.d4 Nf6 3.c4 c6 4.Nc3 a6 5.cxd5 cxd5 6.Ne5 e6 7.e3 Nbd7 8.f4 Bb4
9.Bd2 Nxe5 10.fxe5 Bxc3 11.bxc3 Ne4 12.Qg4 O-O  1/2-1/2

[Event "Eu Team Ch (women)"]
[Site "Batumi GEO"]
[Date "1999.11.29"]
[Round "1"]
[White "Nicoara,M"]
[Black "Zhukova,N"]
[Result "0-1"]
[WhiteElo "2247"]
[BlackElo "2462"]

1.d4 d5 2.c4 c6 3.Nf3 Nf6 4.Nc3 a6 5.c5 Nbd7 6.Bf4 g6 7.e3 Bg7 8.Be2 Nh5
9.O-O Nxf4 10.exf4 O-O 11.Re1 Re8 12.Bd3 Nf8 13.Qa4 f6 14.g3 Bg4 15.Nh4 Bd7
16.Qb3 Rb8 17.f5 g5 18.Nf3 e6 19.fxe6 Bxe6 20.Qc2 Bg4 21.Rxe8 Qxe8 22.Re1 Qh5
23.Nd2 Re8 24.Rxe8 Qxe8 25.Bf5 Qe1+ 26.Nf1 Bxf5 27.Qxf5 Ne6 28.Kg2 Nxd4 29.Qc8+ Bf8
30.Ne3 f5 31.Nxf5 Qe6 32.Qxe6+ Nxe6 33.b4 Kf7 34.f3 Kf6 35.Ne3 Kg6 36.Ned1 Nd4
37.Ne3 Bg7 38.h3 Nxf3 39.Ncxd5 Ne1+ 40.Kf1 cxd5 41.Kxe1 Bc3+ 42.Ke2 Bxb4
43.Nxd5 Bxc5 44.g4 h5 45.Kd3 hxg4 46.hxg4 Kf7 47.Ke4 Ke6 48.Nc3 b5 49.Nd5 Bd6
50.Ne3 Be5 51.Nc2 Bc3 52.Ne3 a5 53.Nd5 Bd4 54.Ne3 a4 55.Nd5 Kd6 56.Nb4 Bc3
57.Nd5 Be1 58.Ne3 Kc5 59.Nc2 Bc3 60.Kd3 Bf6 61.Ne3 b4 62.Nc4 Bg7 63.Nd2 b3
64.a3 Kd5 65.Nc4 Bd4 66.Nd2 Bf6 67.Ne4 b2 68.Nxf6+ Ke6 69.Kc2 Kxf6 70.Kxb2 Ke5  0-1

[Event "Belgian Interteams 1999-2000"]
[Site "Antwerp BEL"]
[Date "1999.11.??"]
[Round "5"]
[White "Sadkowsky,D"]
[Black "Abolianin,A"]
[Result "1/2-1/2"]
[WhiteElo "2262"]
[BlackElo "2252"]

1.d4 d5 2.c4 c6 3.Nf3 Nf6 4.Nc3 a6 5.cxd5 cxd5 6.Bf4 e6 7.e3 Bd6 8.Bg3 b5
9.Bd3 Bb7 10.Rc1 Nc6 11.O-O Bxg3  1/2-1/2

[Event "Eu Team Ch (women)"]
[Site "Batumi GEO"]
[Date "1999.12.05"]
[Round "6"]
[White "Saljova,S"]
[Black "Macek,V"]
[Result "1-0"]
[WhiteElo "2180"]
[BlackElo "2199"]

1.d4 d5 2.Nf3 Nf6 3.c4 c6 4.Nc3 a6 5.Qb3 e6 6.Bg5 Be7 7.e3 O-O 8.cxd5 exd5
9.Bd3 Nbd7 10.O-O Re8 11.Rfc1 Nf8 12.Na4 Nh5 13.Bxe7 Qxe7 14.Nb6 Rb8 15.a4 g6
16.Qa3 Be6 17.Qxe7 Rxe7 18.b4 Nf6 19.b5 axb5 20.axb5 cxb5 21.Bxb5 Ne4 22.Ra5 Rd8
23.Ra7 Kg7 24.Ne5 Kf6 25.f3 Nd6 26.Rc5 Nxb5 27.Rxb5 Rc7 28.Nd3 Rc3 29.Nf4 Rxe3
30.Nfxd5+ Bxd5 31.Nxd5+ Rxd5 32.Rxd5 Re7 33.Rd6+ Kg7 34.Kf2 g5 35.d5 Ng6
36.g3 Ne5 37.Ra2 g4 38.fxg4 Nxg4+ 39.Kg2 Ne3+ 40.Kf3 Re5 41.Ra7 Rxd5 42.Rxd5 Nxd5
43.Rxb7 Nf6 44.g4 h6 45.Kf4 Nh7 46.h4 Nf6 47.Kf5 Nh7 48.Rb6 Nf8 49.Rd6 Nh7
50.g5 hxg5 51.hxg5 Nf8 52.Ra6 Ng6 53.Rxg6+ fxg6+ 54.Ke6 Kg8 55.Kf6  1-0

[Event "Eu Team Ch"]
[Site "Batumi GEO"]
[Date "1999.12.06"]
[Round "8"]
[White "Santos,CP"]
[Black "Lobzhanidze,D"]
[Result "1/2-1/2"]
[WhiteElo "2383"]
[BlackElo "2444"]

1.d4 d5 2.c4 c6 3.Nf3 Nf6 4.Nc3 a6 5.Qb3 e6 6.Bg5 Be7 7.e3 Nbd7 8.cxd5 exd5
9.Bd3 O-O 10.O-O Re8 11.Rae1 h6 12.Bh4 Ne4 13.Bxe7 Qxe7 14.Bxe4 dxe4 15.Nd2 Nf6
16.Qc2 Bf5 17.f3 Qe6 18.fxe4 Bxe4 19.Ndxe4 Nxe4 20.Nxe4 Qxe4 21.Qxe4 Rxe4
22.Rf3 Rd8 23.Rc1 Rd5 24.b4 f6 25.Kf2 Kf7 26.Rc5 g5 27.h3 h5 28.g3 Ke6 29.a3 f5
30.Ke2 h4 31.Kd3 hxg3 32.Rxg3 Kf6 33.Rc1 Rh4 34.Rcg1 Rh5 35.h4 g4 36.e4 fxe4+
37.Kxe4 Rxh4 38.Rxg4 Rdh5 39.Rf1+ Ke6 40.Rff4 Rxg4 41.Rxg4 Rh3 42.Rg7 Rh4+
43.Kd3 b5 44.a4 Rh3+ 45.Ke4 Rh4+ 46.Kd3 Rh3+ 47.Ke4 bxa4 48.Ra7 a3 49.Rxa6 Kd7
50.d5 Rh4+ 51.Ke5 Rh5+ 52.Kd4 Rxd5+  1/2-1/2

[Event "Vikings GM"]
[Site "York ENG"]
[Date "1999.12.13"]
[Round "1"]
[White "Hillarp Persson,T"]
[Black "Hodgson,Ju"]
[Result "1/2-1/2"]
[WhiteElo "2507"]
[BlackElo "2605"]

1.d4 d5 2.c4 c6 3.Nf3 Nf6 4.Nc3 a6 5.Bg5 Ne4 6.Bf4 Nxc3 7.bxc3 dxc4 8.g3 Nd7
9.Bg2 b5 10.Ne5 Nxe5 11.dxe5 Bd7 12.e6 Bxe6 13.Bxc6+ Bd7 14.Bxa8 Qxa8 15.f3 f6
16.Bc7 Qa7 17.Ba5 e5 18.Qd5 Bc5 19.O-O-O Ke7 20.Qxc5+ Qxc5 21.Bb4 Qxb4 22.cxb4 a5
23.bxa5 Ra8 24.a3 Rxa5 25.Kb2 c3+ 26.Kxc3 Rxa3+ 27.Kb2 Re3 28.Rd2 b4 29.Ra1 Bb5
30.Ra7+ Ke6 31.Rxg7 Bxe2 32.f4 Bc4 33.fxe5 fxe5 34.Rxh7 e4 35.Rc7 Rb3+ 36.Kc1 e3
37.Rxc4 exd2+ 38.Kxd2 Ra3 39.Kc1 Rf3 40.Kb2 Kd5 41.Rc2 Ke4 42.Rc4+  1/2-1/2

[Event "ch-RUS KO"]
[Site "Moscow RUS"]
[Date "1999.12.15"]
[Round "1.1"]
[White "Lugovoi,A"]
[Black "Volkov,S"]
[Result "0-1"]
[WhiteElo "2509"]
[BlackElo "2575"]

1.d4 d5 2.c4 c6 3.Nc3 Nf6 4.Nf3 a6 5.Bg5 Ne4 6.h4 f6 7.Bf4 Qa5 8.Qb3 e5 9.dxe5 d4
10.Qc2 dxc3 11.b4 Bxb4 12.Qxe4 O-O 13.e6 Qxa2 14.Rc1 Qb2 15.Rc2 Qb1+ 16.Bc1 Ba3
17.Ng5 f5  0-1

[Event "ch-RUS KO"]
[Site "Moscow RUS"]
[Date "1999.12.16"]
[Round "1.4"]
[White "Lugovoi,A"]
[Black "Volkov,S"]
[Result "1-0"]
[WhiteElo "2509"]
[BlackElo "2575"]

1.d4 d5 2.c4 c6 3.Nc3 Nf6 4.Nf3 a6 5.e3 b5 6.b3 Bg4 7.Bd2 Nbd7 8.h3 Bxf3
9.Qxf3 b4 10.Na4 e5 11.cxd5 cxd5 12.dxe5 Nxe5 13.Qd1 Bd6 14.Be2 O-O 15.O-O Qe7
16.Rc1 a5 17.Qc2 Rad8 18.Rfd1 Ng6 19.Be1 Qe5 20.g3 h5 21.Qb2 Qe6 22.Kg2 h4
23.g4 Rfe8 24.Qd4 Nf4+ 25.exf4 Qxe2 26.Bd2 Re4 27.Qb6 Be7 28.Be3 d4 29.Rd2 Rxe3
30.Rxe2 Rxe2 31.Qa6 d3 32.Rd1 Nd5 33.Kf3 Nxf4 34.Kxf4 Rxf2+ 35.Ke3 Rh2 36.Qxa5 Rxh3+
37.Kf2 Rg3 38.Nb2 Bf6 39.Rxd3 Rgxd3 40.Nxd3 Rxd3 41.Qxb4 h3 42.Qf4 Rc3 43.g5 Rc2+
44.Kg1 Rg2+ 45.Kh1 Rxg5 46.a4 Rd5 47.Qf3 Rd4 48.a5 Be5 49.a6 Rd7 50.Qxh3 Rd1+
51.Kg2 Rd2+ 52.Kf1 Rd8 53.a7 Ra8 54.Qe3 f6 55.b4 Kf7 56.b5 Ke6 57.b6 Kd7
58.b7 Rxa7 59.Qxa7  1-0

[Event "ch-RUS KO"]
[Site "Moscow RUS"]
[Date "1999.12.16"]
[Round "1.2"]
[White "Kalygin,S"]
[Black "Bezgodov,A"]
[Result "0-1"]
[WhiteElo "2511"]
[BlackElo "2576"]

1.d4 d5 2.c4 c6 3.Nc3 Nf6 4.Nf3 a6 5.Bg5 Ne4 6.Bf4 e6 7.Qb3 Be7 8.Nxe4 dxe4
9.Nd2 Qxd4 10.e3 Qc5 11.Nxe4 Qa5+ 12.Nc3 Nd7 13.e4 e5 14.Bd2 Nc5 15.Qc2 Qc7
16.Be3 Ne6 17.Rd1 O-O 18.Be2 Bc5 19.Bxc5 Nxc5 20.Qd2 Ne6 21.Qe3 Nd4 22.O-O Be6
23.Rc1 Qb6 24.b3 Rfd8 25.Rfd1 Qb4 26.Bf1 Qa3 27.Kh1 b5 28.Ne2 Nxe2 29.Qxe2 bxc4
30.bxc4 c5 31.Rb1 h6 32.h3 Rd4 33.Rxd4 cxd4 34.Qd2 Rc8 35.Rb4 Bd7 36.Bd3 a5
37.Rb3 Qc5 38.Kg1 a4 39.Rb4 a3 40.Rb3 Be6 41.Rb5 Qc7 42.c5 Bd7 43.Ra5 Rb8
44.Rxa3 Qxc5 45.Rb3 Ra8 46.Qb2 Kh7 47.Rb4 Be6 48.a4 Rc8 49.Kf1 Qa5 50.Ke2 Rc3
51.g4 Qd8 52.Qb1 Qh4 53.Qf1 Ra3 54.Kd2 Qe7 55.Qb1 Ra2+ 56.Ke1 Qh4 57.Rb2 Rxa4
58.Bf1 Qd8 59.Bd3 Qa5+ 60.Ke2 Ra1 61.Qc2 Qe1+ 62.Kf3 Qh1+ 63.Ke2 Qf1+  0-1

[Event "ch-ROM (women)"]
[Site "Lasi ROM"]
[Date "1999.12.18"]
[Round "4"]
[White "Grigorieva,A"]
[Black "Olarasu,G"]
[Result "0-1"]
[WhiteElo "2143"]
[BlackElo "2298"]

1.d4 d5 2.Nf3 c6 3.c4 Nf6 4.Nc3 a6 5.cxd5 cxd5 6.Bf4 Nc6 7.Ne5 Qb6 8.Nxc6 bxc6
9.Qd2 e6 10.e3 Qa5 11.Bd3 c5 12.dxc5 Nd7 13.c6 Nc5 14.Bc2 Qb6 15.O-O Qxc6
16.b4 Nd7 17.Ba4 Qc4 18.a3 Be7 19.Rac1 g5 20.Nb5 Qxf1+ 21.Kxf1 axb5 22.Bxb5 gxf4
23.Bc6 Rb8 24.Qd4 O-O 25.Qa7 Rd8 26.exf4 Bd6 27.Qd4 Ba6+ 28.Kg1 Bb5 29.Bxb5 Rxb5
30.Rc3 Rbb8 31.g3 Ra8 32.Kg2 Bf8 33.Qd3 Nf6 34.Rc7 Ne4 35.h4 Ra4 36.Qf3 Nf6
37.f5 e5 38.Qc3 Ne4 39.Qb3 Raa8 40.a4 Rab8 41.b5 Bd6 42.Rc2 d4 43.a5 Nc5
44.Qc4 Bf8 45.a6 d3 46.Rd2 e4 47.a7 Rb7 48.Ra2 Ra8 49.b6 Rxb6 50.Qc1 h6 51.g4 Rb7
52.g5 Raxa7 53.Rxa7 Rxa7 54.gxh6 Kh7 55.f6 Rd7 56.Qd2 Bxh6  0-1

[Event "Eastern Open"]
[Site "Washington DC USA"]
[Date "1999.12.28"]
[Round "5"]
[White "Fayvinov,Z"]
[Black "Lee Wang Sheng"]
[Result "0-1"]
[WhiteElo "2230"]
[BlackElo "2260"]

1.d4 d5 2.c4 c6 3.Nc3 Nf6 4.Nf3 a6 5.a4 e6 6.e3 Bb4 7.Bd3 O-O 8.O-O Nbd7
9.Qc2 h6 10.Bd2 a5 11.e4 dxe4 12.Bxe4 Nxe4 13.Qxe4 Re8 14.Rad1 Nf6 15.Qe2 b6
16.Ne5 Bb7 17.Bf4 Qe7 18.Rd3 Rad8 19.Rg3 Kh7 20.Qd3+ Kh8 21.Rh3 c5 22.Bxh6 gxh6
23.Rxh6+ Kg7 24.Rh3 Rg8 25.d5 Kf8 26.Re1 Nxd5 27.Rh7 Rxg2+ 28.Kf1 Qg5 29.Rxf7+ Ke8
30.Nf3 Rg1+ 31.Nxg1 Nf4  0-1

[Event "Challengers"]
[Site "Hastings ENG"]
[Date "1999.12.30"]
[Round "2"]
[White "Costley,M"]
[Black "Lock,G"]
[Result "0-1"]
[WhiteElo "2226"]
[BlackElo "2103"]

1.d4 d5 2.c4 c6 3.Nc3 Nf6 4.Nf3 a6 5.e3 b5 6.cxb5 cxb5 7.Bd3 e6 8.O-O Nbd7
9.Ne5 Nxe5 10.dxe5 Nd7 11.f4 Bc5 12.Qg4 O-O 13.Bd2 f5 14.Qe2 Rf7 15.Kh1 Bf8
16.a4 b4 17.Nxd5 Nc5 18.Bxb4 Nxd3 19.Qxd3 Qxd5 20.Qxd5 exd5 21.Bxf8 Kxf8
22.Rfd1 Be6 23.Rac1 Rb7 24.Rc6 Ke7 25.Rd2 Rc8 26.Rxc8 Bxc8 27.Kg1 Be6 28.Rc2 Kd7
29.Kf2 Rb4 30.h3 Rc4 31.Rxc4 dxc4 32.Ke2 Kc6 33.Kd2 Kc5 34.Kc3 a5 35.e4 fxe4
36.g4 g6  0-1

[Event "ROM-ch sf"]
[Site "Baile Tusnad"]
[Date "1999.??.??"]
[Round "7"]
[White "Dragomirescu, Calin"]
[Black "Spulber, Cicerone"]
[Result "1/2-1/2"]
[WhiteElo "2243"]
[BlackElo "2378"]

1.d4 d5 2.Nf3 c6 3.c4 Nf6 4.Nc3 a6 5.c5 g6 6.Bf4 Bg7 7.e3 Nbd7 8.Be2 O-O
9.Ne5 Re8 10.h4 h5 11.Qb3 Nf8 12.O-O-O N6d7 13.Na4 Bxe5 14.dxe5 Qa5 15.Qa3 Ne6
16.g4 hxg4 17.b4 Qc7 18.Bxg4 Nxf4 19.exf4 Nxe5 20.Bxc8 Nc4 21.Qg3 Qxc8 22.h5 Qf5
23.hxg6 fxg6 24.Rh6 Kf7 25.Rdh1 Rh8 26.Qh4 Qf6 27.Rxh8 Qa1+ 28.Kc2 Qxa2+
29.Kc3 Qd2+ 30.Kb3 Qd3+ 31.Nc3 Nd2+ 32.Kb2 Nc4+ 33.Kb3  1/2-1/2

[Event "Berlin"]
[Site "Berlin"]
[Date "1999.??.??"]
[Round "4"]
[White "Romanishin, Oleg M"]
[Black "Velicka, Petr"]
[Result "1/2-1/2"]
[WhiteElo "2565"]
[BlackElo "2440"]

1.Nf3 Nf6 2.c4 c6 3.d4 d5 4.Nc3 a6 5.a4 e6 6.g3 dxc4 7.Be3 Nd5 8.Qc1 b5 9.Bg2 Bb7
10.O-O Be7 11.Bg5 Nxc3 12.bxc3 Nd7 13.h4 O-O 14.Rd1 Nb6 15.a5 Na4 16.Qc2 h6
17.Bd2 Qxa5 18.Ne5 Qc7 19.Nxc4 c5 20.Bf4 Qc8 21.Bd6 bxc4 22.Bxe7 Re8 23.Bxb7 Qxb7
24.Rxa4 Qxe7 25.Rxc4 cxd4 26.cxd4 Ra7 27.Rc1 a5 28.Qa4  1/2-1/2

[Event "Berlin"]
[Site "Berlin"]
[Date "1999.??.??"]
[Round "11"]
[White "Kachiani Gersinska, Ketino"]
[Black "Von Herman, Ulf"]
[Result "1/2-1/2"]
[WhiteElo "2425"]
[BlackElo "2405"]

1.d4 d5 2.c4 c6 3.Nf3 Nf6 4.Nc3 a6 5.Ne5 Nbd7 6.Bf4 dxc4 7.e4 b5 8.Nxc6 Qb6
9.d5 Bb7 10.Be3 Qc7 11.a4 Bxc6 12.dxc6 Qxc6 13.axb5 axb5 14.Rxa8+ Qxa8 15.Nxb5 Qa5+
16.Nc3 Nxe4 17.Be2 Nxc3 18.bxc3 e6 19.O-O Bc5 20.Bxc5 Qxc5 21.Qa4 Ke7 22.Bxc4 Rb8
23.Rd1 Nf6 24.Bf1 Rb2 25.Qd4 Qxd4 26.Rxd4 Rc2 27.c4 Rc1 28.f3 Rc2 29.Rd1 Nd7
30.h4 Nb6 31.Bd3 Rc3 32.Bxh7 Rxc4 33.h5 Nd5 34.g4 Kf6 35.Be4 Nc3 36.Rf1 Kg5
37.Bh7 Kf4 38.Kg2 Rb4 39.Rf2 Nd5 40.Ra2 f6 41.Bg8 Ne3+ 42.Kf2 e5 43.Bh7 Rb2+
44.Rxb2 Nd1+ 45.Kg2 Nxb2 46.Be4 Nc4 47.Bc6 Nd2 48.Kf2 e4 49.fxe4 Kxg4 50.e5 fxe5
51.Ke3 Nc4+ 52.Ke4 Kg5 53.Bd5 Nb6 54.Bb3 Nd7 55.Kd5 Kf6 56.Kd6 Nf8 57.Kd5 Ne6
58.Bd1 Ng5 59.Bc2 e4 60.h6 gxh6 61.Bxe4 h5  1/2-1/2

[Event "Ceske Budejovice op"]
[Site "Ceske Budejovice"]
[Date "1999.??.??"]
[Round "9"]
[White "Vokac, Marek"]
[Black "Sarakauskas, Gediminas"]
[Result "1-0"]
[WhiteElo "2490"]
[BlackElo "2330"]

1.d4 d5 2.c4 c6 3.Nf3 Nf6 4.Nc3 a6 5.c5 g6 6.Bf4 Bg7 7.e3 O-O 8.Be2 Nfd7
9.O-O e5 10.Nxe5 Nxe5 11.Bxe5 Bxe5 12.dxe5 Qe7 13.Qd4 Nd7 14.e4 dxe4 15.Nxe4 Qxe5
16.Qxe5 Nxe5 17.f4 Nd7 18.Rfe1 Kg7 19.Bc4 b6 20.b4 a5 21.a3 axb4 22.axb4 Rxa1
23.Rxa1 bxc5 24.bxc5 f5 25.Nd6 Nxc5 26.Ra5 Rd8 27.Ra7+ Bd7 28.Nf7 Rb8 29.Ne5 Rb1+
30.Kf2 Rd1 31.Nxc6 Kf6 32.Ne5 Ke7 33.Ke2 Rd4 34.Nc6+  1-0

[Event "WLS-ch"]
[Site "Chepstow"]
[Date "1999.??.??"]
[Round "5"]
[White "Bennion, David"]
[Black "Gilbert, Jonathan A"]
[Result "0-1"]
[WhiteElo "2053"]
[BlackElo "2100"]

1.d4 d5 2.c4 c6 3.Nf3 Nf6 4.Nc3 a6 5.cxd5 cxd5 6.Bg5 e6 7.e3 Nc6 8.Ne5 Qb6
9.Nxc6 bxc6 10.Qb3 Rb8 11.Bf4 Rb7 12.Qxb6 Rxb6 13.O-O-O Kd7 14.a3 Ne4 15.Na4 Rb7
16.Bxa6 Nxf2 17.Bxb7 Bxb7 18.Nb6+ Ke8 19.Rhf1 Nxd1 20.Rxd1 f6 21.Rd3 Kf7
22.Rb3 Ba6 23.a4 Be7 24.a5 g5 25.Bg3 h5 26.h3 h4 27.Bh2 g4 28.Nd7 g3 29.Bg1 Bb5
30.Nc5 Ra8 31.Ra3 Bxc5 32.dxc5 Bf1 33.Ra4 Bxg2 34.a6 Ra7 35.Kd2 Be4 36.Kc3 Ke7
37.b4 e5 38.b5 cxb5 39.Ra5 Kd7 40.Kb4 Kc6 41.Ra1 f5 42.Ra2 f4 43.exf4 exf4
44.Ka5 f3 45.Rb2 Bd3 46.Rb4 f2  0-1

[Event "CZE-chT 9899"]
[Site "CZE"]
[Date "1999.??.??"]
[Round "7"]
[White "Chmiel, Pavel"]
[Black "Fuksik, Jakub"]
[Result "1/2-1/2"]
[WhiteElo "2285"]
[BlackElo "2270"]

1.d4 d5 2.c4 c6 3.Nf3 Nf6 4.Nc3 a6 5.cxd5 cxd5 6.Bg5 Ne4 7.e3 Nc6 8.Qb3 Nxg5
9.Nxg5 e6 10.f4 Be7 11.Nf3 O-O 12.Bd3 f5 13.O-O Bd7 14.Rfc1 b5 15.Nxd5 exd5
16.Qxd5+ Kh8 17.Rxc6 Bxc6 18.Qxc6 Rf6 19.Qc2 Rc8 20.Qb3 Qg8 21.Qxg8+ Kxg8
22.Ne5 g6 23.a4 b4 24.Bc4+ Kg7 25.b3 a5 26.Kf2 Rc7 27.Kf3 h5 28.g3 Rf8 29.Rd1 Bd6
30.d5 Rfc8 31.Nc6 Rxc6 32.dxc6 Rxc6 33.Rd5 Bc7 34.Rd7+ Kh6 35.h4 Bb6 36.e4 fxe4+
37.Kxe4 Rc7 38.Rd6 Re7+ 39.Be6 Bc7 40.Rc6 Kg7 41.Kd5 Bd8 42.Rc8 Bb6 43.f5 gxf5
44.Rg8+ Kh7 45.Rg5 Kh6 46.Rxf5 Rg7 47.Kc6 Bd8 48.Rf8 Be7 49.Rh8+ Kg6 50.Bc4 Bf6
51.Bd3+ Kf7 52.Rxh5 Rxg3 53.Bc4+ Ke7 54.Rxa5 Bxh4 55.Ra7+ Kd8 56.Ra8+ Ke7
57.Kb5 Rg5+ 58.Kxb4 Be1+ 59.Ka3 Kd6 60.Re8 Rg1 61.Rd8+ Kc5 62.Rd5+ Kc6 63.a5 Bg3
64.b4 Bd6 65.Rd2 Rb1 66.Bb3 Kb5 67.Ka2 Rg1 68.Rxd6 Kxb4 69.a6 Rg2+ 70.Ka1 Kxb3
71.Rb6+ Ka3 72.Kb1 Rg8  1/2-1/2

[Event "Moravia-chT 9899"]
[Site "CZE"]
[Date "1999.??.??"]
[Round "7"]
[White "Jaworski, Miroslaw"]
[Black "Muzik, Martin"]
[Result "0-1"]
[WhiteElo "2395"]
[BlackElo "2270"]

1.d4 d5 2.c4 c6 3.Nf3 Nf6 4.Nc3 a6 5.a4 dxc4 6.Ne5 b5 7.axb5 cxb5 8.Nxb5 axb5
9.Rxa8 Bb7 10.Ra1 e6 11.f3 Bd6 12.Bd2 Nfd7 13.Ba5 Qg5 14.Nxd7 Kxd7 15.Qc1 Qh4+
16.g3 Qxd4 17.Bc3 Qb6 18.Bxg7 Rg8 19.Bh6 Bb4+ 20.Bd2 Bc5 21.Bg2 Nc6 22.e3 Ne5
23.O-O Nd3 24.Qc2 Bxe3+ 25.Bxe3 Qxe3+ 26.Kh1 h5 27.f4 Bd5 28.f5 h4 29.fxe6+ fxe6
30.Ra6 Rf8 31.Qd1 Rxf1+ 32.Qxf1 Nf2+ 33.Kg1 hxg3 34.hxg3 Ng4+  0-1

[Event "CZE-chT 9899"]
[Site "CZE"]
[Date "1999.??.??"]
[Round "7"]
[White "Meduna, Eduard"]
[Black "Velicka, Petr"]
[Result "1/2-1/2"]
[WhiteElo "2470"]
[BlackElo "2430"]

1.d4 d5 2.c4 c6 3.Nc3 Nf6 4.Nf3 a6 5.a4 e6 6.Bg5 Nbd7 7.e3 Qa5 8.Nd2 Bb4
9.Rc1 dxc4 10.Bxf6 Nxf6 11.Nxc4 Qd8 12.Qb3 a5 13.Be2 O-O 14.O-O Bd7 15.Bf3 Rb8
16.Rfd1 Nd5 17.Ne4 Qe7 18.Nc5 Rfd8 19.Ne5 Be8 20.Ned3 Bxc5 21.Rxc5 Qc7 22.Rdc1 Nf6
23.h3 h6 24.Qc3 Ra8 25.Qa3 Qe7 26.R5c3 Qxa3 27.Rxa3 Ra7 28.Rb3 Nd5 29.Bxd5 cxd5
30.Nc5 Bc6 31.Rb6 Re8 32.Rc3 Re7 33.Kf1 f6 34.Ke2 e5 35.Kd2 Kf7 36.b4 exd4
37.exd4 axb4 38.Rxb4 Re8 39.Rcb3 Re7 40.Ra3 Re8 41.Rb6 Rea8 42.Kc3 Kg8 43.Kb4 Ra5
44.Ra2 Kh7 45.f4 h5 46.g4 R8a7 47.Re2 Rxa4+ 48.Nxa4 Rxa4+ 49.Kc3 Rc4+ 50.Kd3 Rc1
51.gxh5 Rh1 52.Re3 Rd1+ 53.Kc3 Rc1+ 54.Kd3 Rd1+ 55.Kc3 Rc1+ 56.Kd3  1/2-1/2

[Event "Dresden op"]
[Site "Dresden"]
[Date "1999.??.??"]
[Round "?"]
[White "Bagaturov, Giorgi"]
[Black "Saltaev, Mihail"]
[Result "1/2-1/2"]
[WhiteElo "2530"]
[BlackElo "2480"]

1.d4 d5 2.c4 c6 3.Nf3 Nf6 4.Nc3 a6 5.cxd5 cxd5 6.Bf4 Nc6 7.e3 Bf5 8.Ne5 Qb6
9.Nxc6 bxc6 10.Qb3 Qxb3 11.axb3 Bc8 12.Be2 Nd7 13.O-O f6 14.Bg4 Kf7 15.e4 e6
16.exd5 cxd5 17.Rfe1 f5 18.Bf3 Bb7 19.g4 g6 20.gxf5 gxf5 21.Bh5+ Kf6 22.Re3 Rg8+
23.Kh1 Bb4 24.Bg3 Ke7 25.Rae1 Nf8 26.Bh4+ Kd6 27.Bf7 Rg4 28.Bf6 Re4 29.Nxe4+ dxe4
30.Rc1 Nd7 31.Bg5 Bd2 32.Bf4+ Ke7 33.Rc7 Bxe3 34.fxe3 Bd5 35.Bh5 Bxb3 36.Rb7 Bd5
37.Bg5+ Kd6 38.Bf4+ Ke7 39.Bg5+ Kd6 40.Bf4+  1/2-1/2